[Event "Titled Tuesday intern op 16th Apr Early"]
[Site "Chess.com INT"]
[Date "2024.04.16"]
[Round "8"]
[White "Badacsonyi, Stanley Ethan Artie"]
[Black "Bartel, Mateusz"]
[Result "1-0"]
[WhiteElo "2197"]
[BlackElo "2647"]
[PlyCount "63"]
[EventDate "2024.04.16"]
[EventType "swiss (blitz)"]
[EventRounds "11"]
[EventCountry "USA"]
[SourceTitle "CB17_2024"]
[SourceDate "2024.04.24"]
[SourceVersion "1"]
[SourceVersionDate "2024.04.24"]
[SourceQuality "1"]

1. d4 Nf6 2. Nc3 d6 3. e4 e5 4. dxe5 dxe5 5. Qxd8+ Kxd8 6. Bc4 Be6 7. Bxe6 fxe6 8. f3 Bd6 9. Be3 a6 10. Nh3 Nbd7 11. Nf2 Ke7 12. Nd3 b5 13. a4 b4 14. Nb1 c5 15. Nd2 Rac8 16. Nc4 Bb8 17. a5 h6 18. 0-0-0 g6 19. Rd2 g5 20. Rhd1 g4 21. b3 Rhg8 22. Nb6 Nxb6 23. axb6 c4 24. Nxb4 cxb3 25. Nxa6 gxf3 26. gxf3 Rc3 27. Bc5+ Kf7 28. Kb2 bxc2 29. Kxc3 cxd1Q 30. Rxd1 Rc8 31. Kb4 Rg8 32. Kb5 1-0

[Event "Titled Tuesday intern op 16th Apr Late"]
[Site "Chess.com INT"]
[Date "2024.04.16"]
[Round "2"]
[White "Badacsonyi, Stanley Ethan Artie"]
[Black "Gonzalez Zharikov, Andrey"]
[Result "1-0"]
[WhiteElo "2197"]
[BlackElo "2037"]
[PlyCount "51"]
[EventDate "2024.04.16"]
[EventType "swiss (blitz)"]
[EventRounds "11"]
[EventCountry "USA"]
[SourceTitle "CB17_2024"]
[SourceDate "2024.04.24"]
[SourceVersion "1"]
[SourceVersionDate "2024.04.24"]
[SourceQuality "1"]

1. d4 Nf6 2. Nc3 d5 3. Bf4 a6 4. e3 e6 5. Bd3 c5 6. dxc5 Bxc5 7. Nf3 Nc6 8. 0-0 0-0 9. e4 Nb4 10. e5 Nxd3 11. Qxd3 Nd7 12. Ng5 g6 13. Qh3 h5 14. g4 Be7 15. Nf3 hxg4 16. Qxg4 Kg7 17. h4 Rh8 18. Bg5 Rh5 19. Rae1 b5 20. Re3 b4 21. Ne2 Nc5 22. Ng3 Rh8 23. h5 Bxg5 24. Nxg5 d4 25. Rf3 Ra7 26. Nxf7 1-0

[Event "Titled Tuesday intern op 16th Apr Late"]
[Site "Chess.com INT"]
[Date "2024.04.16"]
[Round "5"]
[White "Badacsonyi, Stanley Ethan Artie"]
[Black "Paravyan, David"]
[Result "0-1"]
[WhiteElo "2197"]
[BlackElo "2606"]
[PlyCount "56"]
[EventDate "2024.04.16"]
[EventType "swiss (blitz)"]
[EventRounds "11"]
[EventCountry "USA"]
[SourceTitle "CB17_2024"]
[SourceDate "2024.04.24"]
[SourceVersion "1"]
[SourceVersionDate "2024.04.24"]
[SourceQuality "1"]

1. d4 d5 2. Nc3 Nf6 3. Bf4 c5 4. e4 cxd4 5. Qxd4 Nc6 6. Bb5 Bd7 7. Bxc6 Bxc6 8. e5 Nd7 9. e6 fxe6 10. Nf3 Qb6 11. Qd2 g6 12. 0-0-0 Bg7 13. Rhe1 0-0 14. Be3 Qc7 15. Bh6 Rf6 16. Bg5 Nc5 17. Bxf6 Bxf6 18. Qe3 Qb6 19. Nd4 e5 20. Nxc6 bxc6 21. Qh3 e4 22. f3 Rb8 23. fxe4 Bg5+ 24. Rd2 Qxb2+ 25. Kd1 d4 26. Rxd4 Qc1+ 27. Ke2 Qxc2+ 28. Kf1 Rf8+ 0-1

[Event "Titled Tuesday intern op 16th Apr Late"]
[Site "Chess.com INT"]
[Date "2024.04.16"]
[Round "6"]
[White "Dias, Paulo Jorge Guimara"]
[Black "Badacsonyi, Stanley Ethan Artie"]
[Result "0-1"]
[WhiteElo "2308"]
[BlackElo "2197"]
[PlyCount "62"]
[EventDate "2024.04.16"]
[EventType "swiss (blitz)"]
[EventRounds "11"]
[EventCountry "USA"]
[SourceTitle "CB17_2024"]
[SourceDate "2024.04.24"]
[SourceVersion "1"]
[SourceVersionDate "2024.04.24"]
[SourceQuality "1"]

1. e4 e6 2. d4 d5 3. e5 c5 4. c3 Nc6 5. Nf3 Bd7 6. Be2 Nge7 7. Na3 cxd4 8. cxd4 Nf5 9. Nc2 Be7 10. 0-0 0-0 11. a3 Rc8 12. b4 a6 13. Bb2 f6 14. exf6 Bxf6 15. Bd3 Be8 16. Ne5 Bxe5 17. dxe5 Bg6 18. Rc1 Qg5 19. f4 Qh4 20. Bxf5 Bxf5 21. Nd4 Nxd4 22. Bxd4 Be4 23. g3 Qh3 24. Qe2 Qf5 25. Qd2 h5 26. Rxc8 Rxc8 27. Rc1 Rc4 28. Rxc4 dxc4 29. Bf2 Bd5 30. Qe1 Qd3 31. Be3 Qe4 0-1

[Event "Titled Tuesday intern op 16th Apr Early"]
[Site "Chess.com INT"]
[Date "2024.04.16"]
[Round "11"]
[White "Korchmar, Vasiliy"]
[Black "Badacsonyi, Stanley Ethan Artie"]
[Result "0-1"]
[WhiteElo "2424"]
[BlackElo "2197"]
[PlyCount "66"]
[EventDate "2024.04.16"]
[EventType "swiss (blitz)"]
[EventRounds "11"]
[EventCountry "USA"]
[SourceTitle "CB17_2024"]
[SourceDate "2024.04.24"]
[SourceVersion "1"]
[SourceVersionDate "2024.04.24"]
[SourceQuality "1"]

1. d4 Nf6 2. c4 c5 3. d5 b5 4. Nf3 g6 5. e4 Nxe4 6. Bd3 Nd6 7. cxb5 Bg7 8. Nc3 0-0 9. 0-0 a6 10. bxa6 Bxa6 11. Re1 Bxd3 12. Qxd3 Na6 13. Bg5 f6 14. Bf4 Nb4 15. Qe2 Nf5 16. g4 Nd4 17. Nxd4 cxd4 18. Nb5 Nxd5 19. Bg3 Qb6 20. a4 f5 21. gxf5 Rxf5 22. b4 d3 23. Qxd3 Bxa1 24. Rxa1 e6 25. a5 Qa6 26. Rb1 Nf6 27. Bh4 Ng4 28. Qxd7 Qxb5 29. Qxe6+ Kg7 30. Rc1 Ne5 31. Rc7+ Nf7 32. Bg3 Re8 33. a6 Rxe6 0-1

[Event "Southend op"]
[Site "Southend"]
[Date "2024.03.31"]
[Round "7"]
[White "Badacsonyi, Stanley Ethan Artie"]
[Black "Kawulok, Marek"]
[Result "1-0"]
[WhiteElo "2196"]
[BlackElo "2245"]
[PlyCount "85"]
[EventDate "2024.03.28"]
[EventType "swiss"]
[EventRounds "9"]
[EventCountry "ENG"]
[SourceTitle "CB14_2024"]
[SourceDate "2024.04.01"]
[SourceVersion "1"]
[SourceVersionDate "2024.04.01"]
[SourceQuality "1"]

1. d4 Nf6 2. Bg5 Nc6 3. Nf3 Ne4 4. Bf4 d5 5. e3 Bg4 6. h3 Bh5 7. Bb5 f6 8. c3 e6 9. Be2 Bd6 10. Bxd6 Qxd6 11. Nfd2 Bxe2 12. Nxe4 dxe4 13. Qxe2 0-0 14. Nd2 f5 15. 0-0-0 Qd5 16. Kb1 a5 17. f3 exf3 18. gxf3 a4 19. Rhg1 a3 20. b3 b5 21. e4 fxe4 22. fxe4 Qd6 23. Qxb5 Nxd4 24. cxd4 Qxd4 25. Nc4 Qxe4+ 26. Ka1 Rf3 27. Qc5 Qe2 28. Qxc7 g6 29. Rge1 Qg2 30. Rd7 Qxh3 31. Rg7+ Kh8 32. Ne5 Re3 33. Rxh7+ Qxh7 34. Qxh7+ Kxh7 35. Rxe3 Rf8 36. Re1 g5 37. Kb1 Rf2 38. Nc4 g4 39. Rg1 g3 40. Rxg3 Rf1+ 41. Kc2 Ra1 42. b4 Rxa2+ 43. Kb3 1-0

[Event "Southend op"]
[Site "Southend"]
[Date "2024.03.29"]
[Round "4"]
[White "Badacsonyi, Stanley Ethan Artie"]
[Black "Gomez Aguirre, Juan Alberto"]
[Result "1/2-1/2"]
[WhiteElo "2196"]
[BlackElo "2196"]
[PlyCount "38"]
[EventDate "2024.03.28"]
[EventType "swiss"]
[EventRounds "9"]
[EventCountry "ENG"]
[SourceTitle "CB14_2024"]
[SourceDate "2024.04.01"]
[SourceVersion "1"]
[SourceVersionDate "2024.04.01"]
[SourceQuality "1"]

1. d4 d5 2. Nc3 Nf6 3. Bf4 c5 4. e4 Nxe4 5. Nxe4 dxe4 6. dxc5 Qa5+ 7. c3 Qxc5 8. Qa4+ Nc6 9. Qxe4 g6 10. Nf3 Bg7 11. Rd1 Qf5 12. Bd3 Qxe4+ 13. Bxe4 Be6 14. Bd5 Bxd5 15. Rxd5 e6 16. Rd2 Rd8 17. Rxd8+ Kxd8 18. Ke2 Ke7 19. Rd1 Rd8 1/2-1/2

[Event "Southend op"]
[Site "Southend"]
[Date "2024.03.29"]
[Round "3"]
[White "Wong, Jianwen"]
[Black "Badacsonyi, Stanley Ethan Artie"]
[Result "1/2-1/2"]
[WhiteElo "2254"]
[BlackElo "2196"]
[PlyCount "49"]
[EventDate "2024.03.28"]
[EventType "swiss"]
[EventRounds "9"]
[EventCountry "ENG"]
[SourceTitle "CB14_2024"]
[SourceDate "2024.04.01"]
[SourceVersion "1"]
[SourceVersionDate "2024.04.01"]
[SourceQuality "1"]

1. b3 Nf6 2. Bb2 g6 3. Bxf6 exf6 4. c4 b6 5. Nc3 Bb7 6. e3 f5 7. Nh3 Bh6 8. Rg1 d6 9. g3 Nd7 10. Be2 0-0 11. Bf3 Qc8 12. Nd5 Re8 13. d4 c6 14. Nc3 c5 15. Kf1 Nf6 16. dxc5 dxc5 17. Nf4 Bxf4 18. gxf4 Bxf3 19. Qxf3 Ne4 20. Nxe4 fxe4 21. Qg3 Qe6 22. Kg2 Rad8 23. Rad1 Rd7 24. Rxd7 Qxd7 25. h4 1/2-1/2

[Event "Southend op"]
[Site "Southend"]
[Date "2024.03.28"]
[Round "1"]
[White "Kalavannan, Koby"]
[Black "Badacsonyi, Stanley Ethan Artie"]
[Result "1/2-1/2"]
[WhiteElo "2324"]
[BlackElo "2196"]
[PlyCount "138"]
[EventDate "2024.03.28"]
[EventType "swiss"]
[EventRounds "9"]
[EventCountry "ENG"]
[SourceTitle "CB14_2024"]
[SourceDate "2024.04.01"]
[SourceVersion "1"]
[SourceVersionDate "2024.04.01"]
[SourceQuality "1"]

1. d4 Nf6 2. Nf3 g6 3. Nbd2 d5 4. e3 Bg7 5. b4 a5 6. b5 c5 7. bxc6 Nxc6 8. a4 0-0 9. Ba3 Bf5 10. Nh4 Bg4 11. Qb1 Qc7 12. h3 Bd7 13. Bb5 Rfe8 14. 0-0 e5 15. Bxc6 Bxc6 16. dxe5 Rxe5 17. Bb2 Re7 18. Nhf3 Ne4 19. Bxg7 Kxg7 20. Qb2+ Kg8 21. Rfd1 Nc5 22. Qd4 b6 23. Qh4 Rae8 24. Ra3 Kg7 25. Qd4+ Kg8 26. Qa1 Bb7 27. Nb3 Ne4 28. Nbd4 Ba6 29. Qb2 Bc4 30. Nb5 Bxb5 31. axb5 Qc5 32. Rad3 Rc7 33. Nd4 Nd6 34. Rb1 Ra8 35. Qa1 a4 36. Ra3 Rca7 37. Rc3 Nc4 38. Nc6 Rc7 39. Nb4 d4 40. Na6 dxc3 41. Nxc5 Rxc5 42. Qxc3 a3 43. Ra1 a2 44. Qb3 Ra3 45. Qb4 Ra5 46. Qc3 Na3 47. Qb3 Rcxb5 48. Qxa2 Nxc2 49. Qxc2 Rxa1+ 50. Kh2 Rab1 51. Qc8+ Kg7 52. Qc3+ Kg8 53. g4 Rc5 54. Qd3 Rb4 55. Qd2 Rbb5 56. Qd8+ Kg7 57. Qd4+ Kg8 58. Qd8+ Kg7 59. Qd4+ Kg8 60. h4 Rd5 61. Qf6 h6 62. Kg3 Re5 63. Qd6 Re6 64. Qd8+ Kg7 65. Qd4+ Kg8 66. Qd3 Rbe5 67. Qd8+ Kg7 68. Qd4 Kg8 69. Kf3 g5 1/2-1/2

[Event "Titled Tuesday intern op 12th Mar Late"]
[Site "Chess.com INT"]
[Date "2024.03.12"]
[Round "11"]
[White "Badacsonyi, Stanley Ethan Artie"]
[Black "Djokic, Mihailo"]
[Result "0-1"]
[WhiteElo "2196"]
[BlackElo "2139"]
[PlyCount "78"]
[EventDate "2024.03.12"]
[EventType "swiss (blitz)"]
[EventRounds "11"]
[EventCountry "USA"]
[SourceTitle "CB12_2024"]
[SourceDate "2023.10.01"]
[SourceVersion "1"]
[SourceVersionDate "2023.10.01"]
[SourceQuality "1"]

1. d4 Nf6 2. Bg5 e6 3. Nd2 c5 4. e3 cxd4 5. exd4 Qa5 6. Ngf3 Ne4 7. Bf4 Nc6 8. Bd3 Nxd2 9. Qxd2 Qxd2+ 10. Bxd2 d6 11. c3 b6 12. Ke2 Bb7 13. Rhe1 Be7 14. Bf4 0-0-0 15. Kf1 h6 16. d5 exd5 17. Rad1 g5 18. Bg3 Bf6 19. Bf5+ Kb8 20. Rxd5 Ne5 21. Nxe5 Bxd5 22. Nd7+ Rxd7 23. Bxd7 Kc7 24. Bf5 Bxa2 25. Ra1 Bc4+ 26. Kg1 a5 27. h3 Re8 28. f4 Re2 29. Rd1 gxf4 30. Bxf4 Be5 31. Bxh6 Rxb2 32. Bf8 a4 33. Ra1 Ra2 34. Rc1 a3 35. Bh6 Bd5 36. g4 Rg2+ 37. Kf1 Rh2 38. Kg1 Bg3 39. Rc2 Rh1# 0-1

[Event "British Rapidplay"]
[Site "Peterborough"]
[Date "2024.03.03"]
[Round "10"]
[White "Wells, Peter K"]
[Black "Badacsonyi, Stanley Ethan Artie"]
[Result "1-0"]
[WhiteElo "2351"]
[BlackElo "2196"]
[PlyCount "97"]
[EventDate "2024.03.02"]
[EventType "swiss (rapid)"]
[EventRounds "11"]
[EventCountry "ENG"]
[SourceTitle "CB10_2024"]
[SourceDate "2024.03.06"]
[SourceVersion "1"]
[SourceVersionDate "2024.03.06"]
[SourceQuality "1"]

1. d4 Nf6 2. Bg5 e6 3. e4 h6 4. Bxf6 Qxf6 5. c3 d6 6. Bd3 e5 7. Ne2 Nc6 8. 0-0 g5 9. Bb5 a6 10. Qa4 Bd7 11. d5 Nb8 12. Bxd7+ Nxd7 13. c4 h5 14. Ng3 h4 15. Nf5 g4 16. Nc3 Kd8 17. b4 Be7 18. Rad1 Qg5 19. c5 Nf6 20. Qa5 Ne8 21. Nb5 Kd7 22. Rc1 Bd8 23. cxd6 c6 24. dxc6+ bxc6 25. Nc7 Nxd6 26. Qc5 Nxf5 27. Qxc6+ Ke7 28. Nd5+ Kf8 29. exf5 Ra7 30. Qc5+ Kg7 31. Qxa7 Qxf5 32. Ne3 Qe6 33. Rc4 Bb6 34. Rxg4+ Qxg4 35. Qxb6 Qg5 36. h3 Rd8 37. Qxa6 Rd2 38. Qc4 Rd4 39. Qc3 Qg6 40. b5 Qe6 41. b6 Rd7 42. Rb1 Qxa2 43. Qxe5+ f6 44. Qf5 Rb7 45. Nd5 Qc4 46. Qxf6+ Kh7 47. Ne7 Qe4 48. Qf5+ Qxf5 49. Nxf5 1-0

[Event "British Rapidplay"]
[Site "Peterborough"]
[Date "2024.03.02"]
[Round "2"]
[White "Badacsonyi, Stanley Ethan Artie"]
[Black "Pang, Ethan"]
[Result "1-0"]
[WhiteElo "2196"]
[BlackElo "1880"]
[PlyCount "80"]
[EventDate "2024.03.02"]
[EventType "swiss (rapid)"]
[EventRounds "11"]
[EventCountry "ENG"]
[SourceTitle "CB10_2024"]
[SourceDate "2024.03.06"]
[SourceVersion "1"]
[SourceVersionDate "2024.03.06"]
[SourceQuality "1"]

1. d4 d5 2. Nc3 Nf6 3. Bf4 Bf5 4. e3 a6 5. Nf3 Nc6 6. Ne5 e6 7. g4 Bg6 8. h4 h5 9. Nxg6 fxg6 10. g5 Ng8 11. Bh3 Bd6 12. Ne2 Nge7 13. Bxe6 Rf8 14. c3 Bxf4 15. Nxf4 Qd6 16. Bh3 Nf5 17. Bg2 0-0-0 18. Qd2 Na5 19. Bxd5 Rde8 20. 0-0-0 c6 21. Bb3 Nxb3+ 22. axb3 Re4 23. Rde1 Rfe8 24. Ng2 R4e7 25. f3 Qe6 26. e4 Nd6 27. Kc2 Qf7 28. Rhf1 Rf8 29. c4 Qe8 30. Kb1 Ref7 31. Qc3 Qe6 32. e5 Ne8 33. d5 Qh3 34. Qd2 Rxf3 35. Rxf3 Rxf3 36. d6 Rxb3 37. Nf4 Qf5+ 38. Ka2 Rf3 39. e6 Nxd6 40. e7 Kc7 1-0

[Event "Scarborough op"]
[Site "Scarborough"]
[Date "2023.10.28"]
[Round "2"]
[White "Badacsonyi, Stanley Ethan Artie"]
[Black "Skettos, Nicolas"]
[Result "1/2-1/2"]
[WhiteElo "2008"]
[BlackElo "1887"]
[PlyCount "53"]
[EventDate "2023.10.27"]
[EventType "swiss"]
[EventRounds "5"]
[EventCountry "ENG"]
[SourceTitle "Mega2024 Update 01"]
[Source "Chessbase"]
[SourceDate "2023.11.12"]
[SourceVersion "1"]
[SourceVersionDate "2023.11.12"]
[SourceQuality "1"]

1. Nf3 Nf6 2. g3 b6 3. Bg2 Bb7 4. 0-0 c5 5. d3 g6 6. e4 d6 7. Re1 Bg7 8. Nbd2 0-0 9. Rb1 e5 10. h4 Nc6 11. Nf1 Bc8 12. Bd2 Qc7 13. Qc1 Ng4 14. Ne3 Nxe3 15. Bxe3 Bg4 16. Bh6 Nd4 17. Nxd4 cxd4 18. Bxg7 Kxg7 19. Qd2 Rac8 20. Rec1 Be6 21. c4 f5 22. f3 Qe7 23. Qg5 Qxg5 24. hxg5 fxe4 25. fxe4 Bg4 26. Rc2 b5 27. b3 1/2-1/2

[Event "Scarborough op"]
[Site "Scarborough"]
[Date "2023.10.27"]
[Round "1"]
[White "Grillage, Andrew"]
[Black "Badacsonyi, Stanley Ethan Artie"]
[Result "0-1"]
[WhiteElo "1990"]
[BlackElo "2008"]
[PlyCount "108"]
[EventDate "2023.10.27"]
[EventType "swiss"]
[EventRounds "5"]
[EventCountry "ENG"]
[SourceTitle "Mega2024 Update 01"]
[Source "Chessbase"]
[SourceDate "2023.11.12"]
[SourceVersion "1"]
[SourceVersionDate "2023.11.12"]
[SourceQuality "1"]

1. d4 Nf6 2. Nf3 g6 3. Nc3 d5 4. Bf4 Bg7 5. e3 0-0 6. Nb5 Na6 7. h3 Ne4 8. Bd3 c6 9. Nc3 Nxc3 10. bxc3 c5 11. 0-0 c4 12. Be2 Nc7 13. Rb1 Re8 14. Bh2 b6 15. Nd2 Bd7 16. Qc1 Bc6 17. e4 Rc8 18. e5 e6 19. Nf3 Qe7 20. Bf4 Nb5 21. Qb2 Qa3 22. Qxa3 Nxa3 23. Rb2 Ba4 24. Bd1 Bf8 25. Bd2 Rb8 26. Nh2 Rec8 27. Ng4 Be7 28. f4 a5 29. Nf6+ Kh8 30. g4 b5 31. f5 b4 32. fxg6 hxg6 33. g5 Kg7 34. Ng4 bxc3 35. Rxb8 Rxb8 36. Bc1 Nb1 37. Nh6 Be8 38. h4 Nd2 39. Re1 Rb1 40. Bg4 Ne4 41. Kf1 Ba4 42. Kg2 Nxg5 43. hxg5 Bxg5 44. Bd2 Rxe1 45. Bxe1 Bd2 46. Bd1 Kxh6 47. Bg3 Kg5 48. Kf3 Kf5 49. Bh4 g5 50. Bf2 g4+ 51. Kg2 Ke4 52. Kg3 Be3 53. Bxe3 Kxe3 54. Kxg4 Kd2 0-1

[Event "GBR-ch Major op 109th"]
[Site "Leicester"]
[Date "2023.07.26"]
[Round "5"]
[White "Verbytski, Oleg"]
[Black "Badacsonyi, Stanley Ethan Artie"]
[Result "0-1"]
[WhiteElo "1795"]
[BlackElo "1976"]
[PlyCount "84"]
[EventDate "2023.07.22"]
[EventType "swiss"]
[EventRounds "9"]
[EventCountry "ENG"]
[SourceTitle "EXT 2024"]
[Source "ChessBase"]
[SourceDate "2023.10.10"]
[SourceVersion "1"]
[SourceVersionDate "2023.10.10"]
[SourceQuality "1"]

1. e4 e6 2. d4 d5 3. Nd2 Nf6 4. e5 Nfd7 5. Bd3 c5 6. c3 Nc6 7. Ne2 cxd4 8. cxd4 f6 9. exf6 Nxf6 10. Nf3 Bd6 11. 0-0 0-0 12. a3 Bd7 13. Bg5 Rc8 14. b4 a6 15. Ng3 h6 16. Bxf6 Qxf6 17. Rb1 Be8 18. Rc1 Bxg3 19. fxg3 Bh5 20. Kh1 Nxd4 21. Rxc8 Rxc8 22. Bh7+ Kxh7 23. Qxd4 Bxf3 24. Qxf6 gxf6 25. gxf3 Rc3 26. Re1 e5 27. f4 e4 28. Kg2 Rd3 29. Rc1 Rd2+ 30. Kf1 Kg6 31. h3 Kf5 32. Rc7 e3 33. Re7 d4 34. Ke1 Rh2 35. a4 h5 36. b5 axb5 37. axb5 h4 38. b6 hxg3 39. Rxb7 d3 40. Kf1 e2+ 41. Ke1 Rh1+ 42. Kd2 e1Q+ 0-1

[Event "GBR-ch Major op 109th"]
[Site "Leicester"]
[Date "2023.07.22"]
[Round "1"]
[White "Mize, Dylan"]
[Black "Badacsonyi, Stanley Ethan Artie"]
[Result "1/2-1/2"]
[WhiteElo "1744"]
[BlackElo "1976"]
[PlyCount "54"]
[EventDate "2023.07.22"]
[EventType "swiss"]
[EventRounds "9"]
[EventCountry "ENG"]
[SourceTitle "EXT 2024"]
[Source "ChessBase"]
[SourceDate "2023.10.10"]
[SourceVersion "1"]
[SourceVersionDate "2023.10.10"]
[SourceQuality "1"]

1. d4 Nf6 2. Nf3 g6 3. c4 Bg7 4. Nc3 0-0 5. Bg5 h6 6. Bh4 c5 7. d5 d6 8. e4 g5 9. Bg3 Nh5 10. Nd2 Nxg3 11. hxg3 f5 12. Bd3 fxe4 13. Ndxe4 Bf5 14. Qc2 e6 15. 0-0-0 exd5 16. cxd5 Na6 17. a3 Rc8 18. g4 Bxg4 19. f3 Bf5 20. Ng3 Bxd3 21. Rxd3 Qe7 22. Rd2 Qe5 23. Nh5 Qf5 24. Nxg7 Qxc2+ 25. Kxc2 Kxg7 26. Nb5 Rcd8 27. Re2 Rd7 1/2-1/2

[Event "Wch U14 blitz"]
[Site "Batumi"]
[Date "2023.06.11"]
[Round "9"]
[White "Badacsonyi, Stanley Ethan Artie"]
[Black "Uskov, Artem"]
[Result "1-0"]
[WhiteElo "2118"]
[BlackElo "2345"]
[PlyCount "73"]
[EventDate "2023.06.10"]
[EventType "swiss (blitz)"]
[EventRounds "11"]
[EventCountry "GEO"]
[SourceTitle "EXT 2024"]
[Source "ChessBase"]
[SourceDate "2023.10.10"]
[SourceVersion "1"]
[SourceVersionDate "2023.10.10"]
[SourceQuality "1"]
[WhiteTeam "England"]
[BlackTeam "FIDE"]
[WhiteTeamCountry "ENG"]

1. d4 Nf6 2. Bg5 Ne4 3. Bf4 c5 4. f3 Qa5+ 5. c3 Nf6 6. Nd2 cxd4 7. Nb3 Qd8 8. Qxd4 Nc6 9. Qd2 d5 10. 0-0-0 e5 11. Bg5 Be6 12. e4 d4 13. cxd4 Bxb3 14. axb3 Nxd4 15. Kb1 Be7 16. Be3 Bc5 17. Bc4 Qb6 18. Bxd4 exd4 19. Qg5 0-0 20. Ne2 Rfe8 21. Ng3 h6 22. Qg6 Nd5 23. Qh5 Nf6 24. Qxf7+ Kh8 25. Nf5 Rg8 26. Qg6 a5 27. e5 Nd7 28. Qxb6 Bxb6 29. Bxg8 Kxg8 30. e6 Nc5 31. Nxd4 Kf8 32. Rhe1 Ke7 33. Nf5+ Kf6 34. e7 Ne6 35. Rd6 Kxf5 36. Rdxe6 Bf2 37. e8Q 1-0

[Event "Wch U14 blitz"]
[Site "Batumi"]
[Date "2023.06.10"]
[Round "4"]
[White "Tregubenko, Nikolay"]
[Black "Badacsonyi, Stanley Ethan Artie"]
[Result "1-0"]
[WhiteElo "1803"]
[BlackElo "2118"]
[PlyCount "79"]
[EventDate "2023.06.10"]
[EventType "swiss (blitz)"]
[EventRounds "11"]
[EventCountry "GEO"]
[SourceTitle "EXT 2024"]
[Source "ChessBase"]
[SourceDate "2023.10.10"]
[SourceVersion "1"]
[SourceVersionDate "2023.10.10"]
[SourceQuality "1"]
[WhiteTeam "FIDE"]
[BlackTeam "England"]
[BlackTeamCountry "ENG"]

1. e4 e6 2. d4 d5 3. Nc3 Nf6 4. e5 Nfd7 5. f4 c5 6. Nf3 Nc6 7. Ne2 a6 8. c3 b5 9. h4 h5 10. g3 g6 11. Be3 Qb6 12. Kf2 a5 13. Bh3 cxd4 14. cxd4 b4 15. g4 hxg4 16. Bxg4 Ba6 17. h5 gxh5 18. Bxh5 Nd8 19. f5 Rg8 20. Nf4 Bh6 21. Bxf7+ Nxf7 22. fxe6 Nfxe5 23. dxe5 Nc5 24. Qd4 Ne4+ 25. Ke1 Qb5 26. Qxd5 Bxf4 27. Qxa8+ Ke7 28. Rh7+ Kxe6 29. Qxg8+ Kf5 30. Rh5+ Ng5 31. Rxg5+ Ke4 32. Nd2+ Kxe3 33. Rg3+ Kd4 34. Nb3+ Ke4 35. Qg6+ Kxe5 36. Rg5+ Bxg5 37. Qxg5+ Ke4 38. Qxb5 Bxb5 39. Nxa5 Kd4 40. Nb3+ 1-0

[Event "ENG-ch Chessable"]
[Site "Kenilworth"]
[Date "2023.05.29"]
[Round "7"]
[White "Hebden, Mark"]
[Black "Badacsonyi, Stanley Ethan Artie"]
[Result "1-0"]
[WhiteElo "2434"]
[BlackElo "1914"]
[PlyCount "85"]
[EventDate "2023.05.26"]
[EventType "swiss"]
[EventRounds "7"]
[EventCountry "ENG"]
[SourceTitle "CBM 214 Extra"]
[Source "ChessBase"]
[SourceDate "2023.07.31"]
[SourceVersion "1"]
[SourceVersionDate "2023.07.31"]
[SourceQuality "1"]

1. d4 Nf6 2. Nf3 g6 3. b3 Bg7 4. Bb2 d6 5. Nbd2 0-0 6. e3 c5 7. Be2 Nc6 8. 0-0 Qc7 9. Re1 Rd8 10. c4 b6 11. d5 Nb8 12. e4 Nbd7 13. Bf1 Ne5 14. Nxe5 dxe5 15. g3 Ne8 16. Qc2 f6 17. Nb1 Nd6 18. Nc3 a6 19. Bd3 Bd7 20. f4 Nf7 21. Rf1 Bh3 22. Rf2 Bh6 23. Bc1 exf4 24. gxf4 Kh8 25. Be2 Rg8 26. Kh1 g5 27. Bh5 Raf8 28. Bxf7 Rxf7 29. f5 Bg4 30. Be3 Qe5 31. Rg1 Bh5 32. Bc1 Qb8 33. Qd3 Qe5 34. Ne2 Rff8 35. Ng3 Be8 36. Bb2 Qc7 37. e5 Bg7 38. e6 h5 39. Nxh5 Bxh5 40. Qh3 Bh6 41. Qxh5 Kh7 42. Rf3 g4 43. Bc1 1-0

[Event "ENG-ch Chessable"]
[Site "Kenilworth"]
[Date "2023.05.28"]
[Round "5"]
[White "Badacsonyi, Stanley Ethan Artie"]
[Black "Ismail, Mohammed Aayan"]
[Result "1/2-1/2"]
[WhiteElo "1914"]
[BlackElo "2209"]
[PlyCount "82"]
[EventDate "2023.05.26"]
[EventType "swiss"]
[EventRounds "7"]
[EventCountry "ENG"]
[SourceTitle "CBM 214 Extra"]
[Source "ChessBase"]
[SourceDate "2023.07.31"]
[SourceVersion "1"]
[SourceVersionDate "2023.07.31"]
[SourceQuality "1"]

1. d4 Nf6 2. Bg5 d5 3. Bxf6 exf6 4. e3 Bd6 5. c4 dxc4 6. Bxc4 0-0 7. Nc3 f5 8. Nf3 Nd7 9. Qc2 Nf6 10. 0-0-0 c6 11. h4 b5 12. Bd3 g6 13. Ne5 Qb6 14. Nf3 Re8 15. h5 a6 16. hxg6 hxg6 17. Rh4 c5 18. Rdh1 c4 19. Be2 Be6 20. Ng5 Kg7 21. Bf3 Rac8 22. Nxe6+ fxe6 23. g4 Rh8 24. Rxh8 Rxh8 25. Rxh8 Kxh8 26. gxf5 gxf5 27. b3 Qc7 28. bxc4 Qxc4 29. Be2 Ba3+ 30. Kd1 Qc6 31. f3 Bb4 32. Nxb5 Qxc2+ 33. Kxc2 axb5 34. Bxb5 Kg7 35. Kd3 Ba3 36. Bc4 Kf7 37. e4 Ke7 38. Bb3 f4 39. e5 Nd7 40. Ke4 Bb2 41. a4 Bc3 1/2-1/2

[Event "BCF-chT2 2223 (4NCL)"]
[Site "England"]
[Date "2023.05.01"]
[Round "11.16"]
[White "White, Stuart A"]
[Black "Badacsonyi, Stanley Ethan Artie"]
[Result "1/2-1/2"]
[WhiteElo "2051"]
[BlackElo "2154"]
[PlyCount "119"]
[EventDate "2022.10.22"]
[EventType "team-tourn"]
[EventRounds "11"]
[EventCountry "ENG"]
[SourceTitle "EXT 2024"]
[Source "ChessBase"]
[SourceDate "2023.10.10"]
[SourceVersion "1"]
[SourceVersionDate "2023.10.10"]
[SourceQuality "1"]
[WhiteTeam "Alba"]
[BlackTeam "Barnet Knights"]
[WhiteTeamCountry "ENG"]
[BlackTeamCountry "ENG"]

1. d4 Nf6 2. Nf3 g6 3. c4 Bg7 4. Nc3 d6 5. e4 0-0 6. Be2 e5 7. Be3 Ng4 8. Bg5 f6 9. Bc1 Nc6 10. 0-0 f5 11. dxe5 Ngxe5 12. exf5 Bxf5 13. Qd5+ Kh8 14. a3 Nxf3+ 15. Qxf3 Nd4 16. Qxb7 Qd7 17. Bd1 Bd3 18. Re1 Bxc4 19. Be3 Qf7 20. Rc1 Rab8 21. Qxa7 Nc6 22. Qa4 Ne5 23. Be2 Rxb2 24. f4 Bxe2 25. fxe5 Bc4 26. exd6 Rxg2+ 27. Kxg2 Qf3+ 28. Kg1 Qg4+ 29. Kh1 Bd5+ 30. Nxd5 Qxa4 31. dxc7 Qa8 32. Kg1 Qc8 33. Rc4 Qe6 34. Nb6 Rc8 35. Bf2 Qf7 36. Rec1 Rf8 37. R1c2 Be5 38. c8Q Rxc8 39. Rxc8+ Kg7 40. Nc4 Bf4 41. Ne3 Qe7 42. Ng2 Be5 43. a4 Qa3 44. Re2 Qh3 45. Rxe5 Qxc8 46. a5 Qc6 47. Re1 Qa4 48. Bb6 h5 49. h4 Kf6 50. Rf1+ Kg7 51. Rf4 Qb5 52. Bd4+ Kg8 53. Bb6 Kg7 54. Rf1 Qa4 55. Kh2 Qb5 56. Bd4+ Kg8 57. Ra1 Qa6 58. Kg1 Qd3 59. Bb6 Qa6 60. Rf1 1/2-1/2